Корпоративное управление: учебное пособие

Bibliografske podrobnosti
Glavni avtor: Иванова Е. А. Елена Александровна
Drugi avtorji: Шишикина Л. В. Людмила Викторовна
Izvleček:В учебном пособии изложены ключевые вопросы корпоративного управления, в том числе финансовые и правовые аспекты функционирования корпоративных структур в современной экономике. Структура учебного пособия включает: краткое изложение лекционного материала в разрезе основных тем курса, перечень вопросов для проведения практических занятий и тем рефератов, контрольные вопросы к зачету по данному курсу, тестовые задания, бизнес-игры и кейсы. Предложенная структура учебного пособия поможет студентам глубже осмыслить специфику основных теорий и отечественной практики корпоративного управления. Пособие предназначено для студентов и аспирантов экономических специальностей всех форм обучения, а также будет полезно аспирантам, научным работникам и преподавателям.
Jezik:ruščina
Izdano: Ростов-на-Дону, Феникс, 2007
Serija:Высшее образование
Teme:
Format: MixedMaterials Knjiga
KOHA link:https://koha.lib.tpu.ru/cgi-bin/koha/opac-detail.pl?biblionumber=146391

MARC

LEADER 00000nam0a2200000 4500
001 146391
005 20231101221224.0
010 |a 9785222104385 
035 |a (RuTPU)RU\TPU\book\158687 
090 |a 146391 
100 |a 20081029d2007 m y0rusy50 ca 
101 0 |a rus 
102 |a RU 
105 |a a j 001zy 
200 1 |a Корпоративное управление  |e учебное пособие  |f Е. А. Иванова, Л. В. Шишикина 
210 |a Ростов-на-Дону  |c Феникс  |d 2007 
215 |a 256 с.  |c ил. 
225 1 |a Высшее образование 
320 |a Библиогр.: с. 254-255. 
320 |a Глоссарий: с. 225-233. 
330 |a В учебном пособии изложены ключевые вопросы корпоративного управления, в том числе финансовые и правовые аспекты функционирования корпоративных структур в современной экономике. Структура учебного пособия включает: краткое изложение лекционного материала в разрезе основных тем курса, перечень вопросов для проведения практических занятий и тем рефератов, контрольные вопросы к зачету по данному курсу, тестовые задания, бизнес-игры и кейсы. Предложенная структура учебного пособия поможет студентам глубже осмыслить специфику основных теорий и отечественной практики корпоративного управления. Пособие предназначено для студентов и аспирантов экономических специальностей всех форм обучения, а также будет полезно аспирантам, научным работникам и преподавателям. 
606 1 |a Корпоративное управление  |2 stltpush  |3 (RuTPU)RU\TPU\subj\39723  |9 59679 
610 1 |a экономика 
610 1 |a корпорации 
610 1 |a раскрытие 
610 1 |a корпоративные конфликты 
610 1 |a финансы 
610 1 |a эффективность 
610 1 |a корпоративная культура 
610 1 |a тесты 
610 1 |a рефераты 
610 1 |a темы 
610 1 |a учебные пособия 
610 1 |a модели 
610 1 |a теория 
610 1 |a практика 
610 1 |a Россия 
610 1 |a тесты 
610 1 |a мини-кейсы 
610 1 |a задачи 
610 1 |a бизнес-ситуации 
686 |a У9(2)212я73  |v LBC/SL-A  |2 rubbk 
700 1 |a Иванова  |b Е. А.  |g Елена Александровна 
701 1 |a Шишикина  |b Л. В.  |g Людмила Викторовна 
801 1 |a RU  |b 63413507  |c 20081029  |g PSBO 
801 2 |a RU  |b 63413507  |c 20150515  |g PSBO 
900 |a Корпоративное управление 
942 |c BK 
959 |a 97/20081029  |d 2  |e 84,00  |f АНЛ:1  |f ЧЗГЛ:1